[Event "POL-ch"]
[Site "Warsaw"]
[Date "2012.02.23"]
[Round "6"]
[White "Socko, Bartosz"]
[Black "Bartel, Mateusz"]
[Result "0-1"]
[WhiteElo "2636"]
[BlackElo "2658"]
[Annotator "Bartel,M"]
[PlyCount "78"]
[EventDate "2012.02.18"]
[EventType "swiss"]
[EventRounds "9"]
[EventCountry "POL"]
[SourceTitle "CBM 147"]
[Source "ChessBase"]
[SourceDate "2012.03.16"]
[SourceVersion "1"]
[SourceVersionDate "2012.03.16"]
[SourceQuality "1"]

{Bartosz Socko is a good friend of me, but at the same time, one of the most
inconvenient opponents. I have lost many games (we are talking only about
classical time control) to him, winning only one - at the previous Polish
Championship. This time, I was supposed to play Black and as the statistics
say, before that game I had lost all my games vs. Bartosz with Black! The fact
that after a good start in the tournament (3,5/4) I had easily lost my game in
round 5 (vs Kamil Miton) and the next day I was supposed to play Bartosz,
wasn't really improving my situation...} 1. e4 e5 2. Nf3 Nc6 3. Bc4 {I also
expected 3.Bb5 and then both Bxc6 and Ba4.} Nf6 4. d3 {One can say that it was
a pleasant surprise, as after 4.Ng5 Bartosz has a... 100% score (or almost) vs
such players as Naiditsch, Bacrot etc...! Of course, I was prepared, but would
it be enough for such a monster?!} Be7 5. Nbd2 {I don't think that this move
is correct - I'd prefer more natural 0-0 or c3 connected with Bb3.} O-O 6. O-O
d6 7. Bb3 (7. c3 {was much more logical, or}) (7. a4 {- both with the idea of
protecting the bishop on c4. The move in the game also protects the bishop,
but the way is a bit improper.}) 7... Na5 8. Ba4 c5 9. c3 Rb8 $1 {Maybe it is
not very difficult to play this move, but you can also miss it. The point is
that Black wants to play ...b5 and get a very Ruy Lopez-like structure, but
instead of the useless a6 he will have the useful Rb8 - which is helping to
play the move ...b4 then.} 10. d4 b5 11. Bc2 Qc7 12. d5 {A typical, normal
move. The position is very similar to a classical Chigorin variation, but
there are several significant differences - first of all White has played
d2-d3-d4, so he lost a tempo, secondly Black has played Rb8-b5 not a6-b5. So
Black is, at least, 2 tempi up in comparison to the classical position. Also
the position of the knight on d2 is not perfect - of course, it usually goes
there, but rather in a clarified situation, and here - it seems - nothing is
clear yet.} c4 $5 {An interesting attempt. Usually, with a rook on a8 and a
pawn on a6, this is a weak move, as after a2-a4, Black has problems with the
a-file. At this moment (with the knight on d2!) a4 is totally not working due
to ...b4 (thanks to the rook on b8). So, why not play c4, which is preparing
the c5-square for the knight from a5?} 13. h3 Nb7 14. Re1 ({Nothing was
offered by} 14. a4 a6 {and the b3-square seems to be very weak now.}) 14... Bd7
{Preparation of ...Nc5 and also - very popular in the so-called soviet chess
school - "connecting" the rooks. What that connection gives - no-one really
knows, apart of the fact that they are connected.} ({I didn't like the
immediate} 14... Nc5 {, because of} 15. b4 {(without the knight on c5 this
never works due to the hanging pawn on c3)} cxb3 16. axb3 a5 17. b4 {and the
knight can't really jump to a4. So, that's why I have played ...Bd7 - to
prepare the square a4 for the knight in that line.}) 15. Nf1 Nc5 16. g4 $2 {
This move is always a bit risky, as there are many ways for Black to get a
nice position. Apart from the move played in the game and the move suggested
in the comments you can also try something like ...h7-h5. I recommend you to
check the game Hou Yifan-Kosteniuk, Nalchik 2008, where in a similar position 
(white pawn on a3, black on a6, the black rook on a8) Black played ...h5 and
won convincingly.} ({Probably it was time to play} 16. b4 {and after} cxb3 17.
axb3 a5 18. Bd2 Rfc8 {it's clear that Black is very fine, thought White is ok
as well.}) 16... Nfxe4 $5 {Objectively, this move is not great, but I couldn't
stop my hands, when I realised that this may work. What's the point? The fact
that it will be difficult for White to coordinate his pieces. So, we can say
that this is a positional sacrifice for long term initiative. In practical
play - this is dangerous, but as it is with "fire on the board", dangerous for
both sides...} ({Objectively, it was better to play the much more "normal"} 
16... b4 {and begin an operation on the queenside. It's not easy to say if
Black is already better, but it seems so.}) 17. Bxe4 $2 {Not a big mistake,
but the alternative looked more natural.} ({After} 17. Rxe4 $1 Nxe4 18. Bxe4 f5
19. gxf5 Bxf5 20. Ng3 Bc8 $1 ({worse is} 20... Bxe4 21. Nxe4 Qd7 22. Nfg5 Bxg5
23. Nxg5 Rf6 24. Qg4 {and White is better}) (20... Bxh3 $2 21. Nxe5) 21. a3 $1
Qd7 22. Qf1 {White should be better, although the position is very unclear.
However, there is no doubt that it was the path White should have chosen.})
17... Nxe4 18. Rxe4 f5 19. gxf5 Bxf5 20. Ng3 ({Worth considering was} 20. Rg4
Bxg4 21. hxg4 b4 {with a sharp, unclear position.}) 20... Qd7 $1 {Very
important move. Compare things to the position arising after 17.Rxe4. Then
there would be a bishop on e4 and Black wouldn't be able to play this move.
Now it's possible and strong - Black is still hoping to take on e4, but much
more important is the pawn on h3 - if it dissapears, than Black can have a new
target - the white king.} 21. Re1 (21. Nxf5 {was very risky:} Qxf5 22. Nd2 (22.
Re3 Bd8) 22... Qxf2+ 23. Kh1 Bg5) ({, but it was possible to play} 21. Re3 {
though it looks very non-human - e3 should be the place for a bishop to
protect f2.}) 21... Bxh3 22. Nh2 {The threat was ...Bg4.} Rf6 $5 {There were
other moves, like ...Bh4 and ...Bd8, but this is the most logical - the target
is the king!} 23. Be3 {Objectively, a bit incorrect.} ({If White had played} 
23. Bg5 {nothing would stop me from} Rxf2 $5 {and with 3 pawns for a rook and
the pair of bishops Black would have a strong, long term initiative, e.g.} 24.
Kxf2 Bxg5 25. Kg1 Rf8 26. Ne4 Bd8 {and I think that in practical play Black's
position is more promising, as the white king is unprotected.}) 23... Rbf8 $6 (
23... Rg6 {was better, to have after} 24. Kh1 {the move} Bh4 {. Then there is
nothing else for White but} 25. Rg1 {and the position after} Bxg3 26. Rxg3 Rxg3
27. fxg3 Bf5 {is balanced (but I would prefer Black, as the white squares seem
to be dramatically weak).}) 24. a4 $2 {It seems logical, as White wants to
activate his rook from a1, but it is simply too slow.} ({More logical and
simply the strongest was} 24. Kh1 {. Now again, I probably would sacrifice:}
Rxf2 ({now} 24... Rg6 {is a bit too slow} 25. Rg1 Bh4 26. Ne4 Bf5 27. f3 $14)
25. Bxf2 Rxf2 26. Re2 Rf4 {, but it seems that with the king already on h1,
White is a bit better prepared for such a position as he was in the commentary
to 23.Bg5. Anyway, the position remains very unclear, with chances for both
sides.}) 24... Rg6 25. Qh5 $2 {White wanted to take the h4-square under
control, but this move is very unfortunate - first of all Black can take the
pawn, secondly - the queen is really bad placed on the h-file.} ({Now the move
} 25. Kh1 {was absolutely necessary. After} Bh4 ({during the game I was mostly
calculating:} 25... Bg4 26. Nxg4 Rxg4 27. Kg2 Qf5 {with serious pressure.}) 26.
Rg1 Bxg3 27. Rxg3 Rxg3 28. fxg3 Qf5 {Black should be a bit better.}) ({It's
also worth of mentioning that} 25. axb5 {was losing because of the elegant line
} Bh4 26. Rxa7 Bxg3 27. Rxd7 Bxf2+ 28. Kh1 Bg2#) 25... bxa4 {A very practical
decision - White is totally paralysed, so why not take a pawn?!} ({What was
possible later, at this moment would be premature:} 25... Bg4 26. Nxg4 Rxg4 27.
Qh3 h5 28. axb5 h4 29. Rxa7 Qf5 30. Kh2 hxg3+ 31. fxg3 Qc2+ 32. Qg2 Qh7+ 33.
Qh3 $11) 26. Ra2 {What else?!} ({Now and a move later the move} 26. Kh1 {
wasn't possible due to} Bg4 27. Nxg4 Rxg4 28. Kg2 Rh4 $19) 26... Bd8 $2 {
During and shortly after the game I was very proud of this move. The bishop is
Black's weakest piece and Black wants to exchange it for the very strong
bishop from e3, which is protecting the important f2-square. What can be more
logical?! Unfortunately, the whole plan is wrong, due to tactical tricks.} ({
For engines, and for humans also, a very clear win is on offer after} 26... Bg4
$1 27. Nxg4 Rxg4 28. Qh3 {and now the simple} h5 {with the idea ...h4 is
killing, as after} 29. Qxh5 Rh4 30. Qg6 Rf6 {with ...Qh3 to come is finishing
the game immediately.}) 27. Rea1 Bb6 $2 ({It was still posible to win after} 
27... Bg4 {but now lines would be a bit different:} 28. Nxg4 Rxg4 29. Qh3 h5
30. Rxa4 h4 31. Rxa7 Qf5 $19) 28. Bxb6 axb6 29. Rxa4 Qf7 {So, here is the key
position of the game. I was sure that Black is winning and... the game showed
me that I was right. Right, until I checked the game with... the audience! I
commented on the game to the spectators and my brother, who was among them,
showed me the correct line.} 30. Qe2 $4 ({White could have saved the game by} 
30. Qxh3 $1 Qxf2+ 31. Kh1 Rxg3 32. Qf1 {and now we have a dead drawn situation
as after each move with the queen, for example} Qc2 {what I had planned, White
can play} 33. Qxf8+ $1 {what my brother showed during analysis! Now , thanks
to the d5-pawn, White has a perpetual!} Kxf8 34. Rf1+ Ke7 35. Ra7+ Ke8 36. Ra8+
$11) 30... h5 $1 {This move was missed by my opponent.} ({Nothing would come of
} 30... b5 {(in order to protect c4 and take on d5 later on), because of} 31.
Ra8 Qxd5 32. Rxf8+ Kxf8 33. Qf3+ Qxf3 34. Nxf3 {and White is simply better.}) (
{Of course, also} 30... Qxd5 {was wrong, as White can play} 31. Qxc4) 31. Ra8 {
There was nothing better, but other lines were a bit more complicated.} ({
The crucial was} 31. Rxc4 Qxd5 32. Qe4 (32. Re4 h4) 32... Qd2 $1 {and White is
hopeless now} 33. Qxg6 (33. Nf3 Rxg3+) (33. Qe1 Rxg3+) 33... Qxf2+ 34. Kh1 Qg2#
) 31... h4 {The rest is simple - Black is simply a lot of material up.} 32.
Rxf8+ Qxf8 33. Qf3 hxg3 34. fxg3 Qxf3 35. Nxf3 Rxg3+ 36. Kf2 Rg2+ 37. Ke3 Bg4 {
The simplest.} 38. Ra8+ Kf7 39. Ra7+ Kf6 0-1

[Event "Batumi FIDE GP (Women)"]
[Site "Batumi"]
[Date "2016.04.30"]
[Round "9"]
[White "Muzychuk, Mariya"]
[Black "Dzagnidze, Nana"]
[Result "1-0"]
[WhiteElo "2561"]
[BlackElo "2535"]
[Annotator "Besenthal,K"]
[PlyCount "93"]
[EventDate "2016.04.20"]
[EventType "tourn"]
[EventRounds "11"]
[EventCountry "GEO"]
[EventCategory "10"]
[SourceTitle "CBM 172"]
[Source "ChessBase"]
[SourceDate "2016.05.12"]
[SourceVersion "1"]
[SourceVersionDate "2016.05.12"]
[SourceQuality "1"]

1. e4 e5 2. Nf3 Nc6 3. Bc4 Nf6 4. d3 Be7 5. O-O O-O 6. Re1 d6 7. a4 Be6 8. Na3
{Diagramm [#] Ein Zug, der bislang kaum gespielt wurde.} Nd7 9. c3 Kh8 10. b4
Bf6 11. a5 a6 12. h3 b5 13. Ba2 (13. axb6 $1 cxb6 $16) 13... Re8 14. Nc2 Ne7
15. Bxe6 fxe6 16. Ng5 Bxg5 17. Bxg5 Qc8 18. d4 Ng6 19. g3 $2 {Diagramm [#]} (
19. Qg4 {war stärker. Nach dem Zug in der Partie ist der weiße Vorteil weg.})
19... exd4 20. cxd4 c5 21. h4 cxd4 22. Nxd4 Nge5 23. Rc1 Qb7 24. h5 h6 25. Bh4
Nc4 26. g4 Nde5 27. Rc3 Rac8 28. Qe2 d5 29. f4 Nc6 30. Nxc6 Qxc6 31. e5 d4 32.
Rd3 Ne3 33. Rxd4 Nc2 34. Rd6 Qc3 35. Red1 Qxb4 (35... Qh3 {Diagramm [#] War
vermutlich besser.}) 36. Bg3 Rc3 37. R1d3 Qxa5 38. f5 Qa1+ 39. Kh2 Rxd3 40.
Qxd3 Qa2 41. Qd2 b4 $2 {Diagramm [#] Das funktioniert am Ende nicht.} (41...
exf5 42. gxf5 Nb4 43. Qxa2 Nxa2 $14) 42. f6 $1 b3 43. f7 Rf8 44. Rd8 Qa3 45.
Bh4 {Erstaunlich, dass Weiß die Zeit für diesen Zug hat.} ({Oder} 45. Re8 $1
{und Schwarz hat keinen brauchbaren Zug mehr.} Qc5 46. Qd8) 45... b2 46. Bf6 $1
Ne3 47. Qxe3 $1 1-0

[Event "German Masters (Women) 2nd"]
[Site "Dresden"]
[Date "2016.08.05"]
[Round "7"]
[White "Lubbe, Melanie"]
[Black "Kachiani Gersinska, Ketino"]
[Result "0-1"]
[WhiteElo "2319"]
[BlackElo "2334"]
[Annotator "Besenthal,K"]
[PlyCount "146"]
[EventDate "2016.07.30"]
[EventType "tourn"]
[EventRounds "9"]
[EventCountry "GER"]
[EventCategory "3"]
[SourceTitle "CBM 173 Extra"]
[Source "ChessBase"]
[SourceDate "2016.08.29"]
[SourceVersion "1"]
[SourceVersionDate "2016.08.29"]
[SourceQuality "1"]

1. e4 e5 2. Nf3 Nc6 3. Bc4 Nf6 4. d3 Be7 5. O-O d6 6. a4 O-O 7. a5 a6 8. Re1
Kh8 9. c3 Ng8 10. d4 f5 11. dxe5 fxe4 12. Rxe4 Rxf3 13. gxf3 Nxe5 14. Bf1 Bf5
15. Re1 Qe8 16. Bf4 Qg6+ 17. Kh1 Nd3 18. Bxd3 Bxd3 19. Nd2 Rf8 20. Be3 Bc2 21.
Qe2 Bd3 22. Qd1 Bc2 {Diagramm [#]} 23. Qc1 {Die Computer halten die
Entscheidung von Weiß fürs Weiterspielen für richtig. In der praktischen
Partie dürfte das aber enorm schwierig sein: Die weiße Struktur ist schlecht,
die Koordination der Figuren ist schlecht, Schwarz hat das Läuferpaar.} c5 24.
Rg1 Qf5 25. Rg4 Nf6 26. Rg5 Qd3 {Diagramm [#]} 27. c4 (27. b4 {wäre wohl
unangenehmer für Schwarz gewesen.}) 27... h6 28. Ra3 Qh7 29. Rg1 Nd7 30. Qf1
Bf6 31. Ra2 Ne5 32. Qg2 g5 ({Schwarz verpasst} 32... Nxc4 33. Nxc4 Bb3 $15) 33.
Qg3 Qf5 34. b3 Nxf3 35. Rxc2 $2 {Diagramm [#]} (35. Qxf3 Qxf3+ 36. Nxf3 Be4 $11
) 35... Nxg1 36. Ra2 Ne2 {Diagramm [#] Das Ergebnis des weißen Fehlers:
Schwarz hat, bei sehr guter Stellung, einen Bauern mehr.} 37. Qxd6 $2 {Viel zu
optimistisch - die vielen Schwächen im weißen Lager hätten
Konsolidierungsbemühungen erfordert.} Rd8 38. Qxc5 Be5 {Jetzt droht Txd2 und
anschließend Matt durch Df3.} 39. Kg2 Nf4+ 40. Bxf4 {Diagramm [#]} Qxf4 $2 {
Wirft den Vorteil weg - den Punkt h2 kann Weiß leicht decken.} ({Nach} 40...
gxf4 {wäre es für den weißen König mit einem Male ganz eng geworden.}) 41.
Nf1 Bd4 42. Qe7 Rf8 43. Ne3 Rf7 44. Qe6 Rf6 45. Qc8+ Rf8 46. Qh3 $2 {Weiß
will diese Partie unbedingt gewinnen und bringt sich - gerade sämtlichen
schwarzen Drohungen glücklich entkommen - erneut in die Klemme, auch wenn
dieses Urteil objektiv noch nicht gerechtfertigt sein sollte.} (46. Qe6 $11)
46... Qe4+ 47. Kg1 Bxe3 {Diagramm [#]} 48. Re2 $2 (48. Qxe3 $1 Qb1+ 49. Kg2
Qxa2 {Lässt man hier die Computer nur kurz laufen, signalisieren sie klaren
Vorteil für Schwarz. Lässt man sie länger laufen, signalisieren sie
Ausgleich. Und in der Tat: Es ist nicht zu sehen, wie der schwarze König den
Dauerschachs entkommen könnte. Voraussetzung: Weiß findet immer den
richtigen Zug - das dürfte mit anstrengender Rechenarbeit verbunden sein.})
48... Qb1+ 49. Kg2 Bc5 50. Qxh6+ Qh7 {Mit der Mehrfigur ist nun alles klar
für Schwarz.} 51. Qe6 Qf5 52. Qxf5 Rxf5 53. Kg3 Kg7 54. Rd2 Kg6 55. f3 Be3 56.
Rd6+ Kh5 57. Rd7 Rxa5 58. Rh7+ Kg6 59. Re7 Bf4+ 60. Kg4 Ra2 61. Re6+ Kf7 62.
Rb6 Rxh2 63. Kf5 Re2 64. Rxb7+ Re7 65. Rb6 Re5+ 66. Kg4 Re6 67. Rb7+ Kf6 68. b4
Ke5 69. Kh5 Kd4 70. b5 Kxc4 71. bxa6 Rxa6 72. Rd7 Kc5 73. Kg4 Rd6 0-1

[Event "Lazne Bohdanec"]
[Site "Lazne Bohdanec"]
[Date "1996.??.??"]
[Round "9"]
[White "Movsesian, Sergei"]
[Black "Blatny, Pavel"]
[Result "0-1"]
[WhiteElo "2580"]
[BlackElo "2515"]
[Annotator "Blatny,P"]
[PlyCount "82"]
[EventDate "1996.01.??"]
[EventType "tourn"]
[EventRounds "11"]
[EventCountry "CZE"]
[EventCategory "10"]
[SourceTitle "CBM 051"]
[Source "ChessBase"]
[SourceDate "1996.04.01"]
[SourceVersion "1"]
[SourceVersionDate "1996.04.01"]
[SourceQuality "1"]

1. e4 e5 2. Nf3 Nc6 3. Bc4 Nf6 4. d3 Be7 5. O-O d6 6. Re1 (6. h3 Na5 $5 (6...
h6 7. Re1 g5 $6 8. d4 $2 (8. Nh2 $142 $1 {/\Nc3-e2-g3 ><f5,h5,g4}) 8... exd4 9.
e5 dxe5 10. Nxe5 Nxe5 11. Rxe5 O-O (11... Qd6 12. Qe2 g4 $132) 12. Qf3 Bd6 13.
Re1 Nd7 14. Qh5 Qf6 15. h4 Ne5 (15... Bf4) 16. hxg5 hxg5 $2 (16... Qf5 $5 17.
Rxe5 Bxe5 (17... Qxe5) 18. Bd3 Qg4 19. Qxg4 Bxg4 20. gxh6 Rae8 $15) 17. Bxg5
Qf5 18. Rxe5 Bxe5 $4 (18... Qxe5 19. Nd2 Qh8 20. Bh6 $1 Be5 $8 21. Re1 $1 Bg7
22. Re8 $3 Be6 23. Rxe6 $18) 19. Bd3 Bh2+ 20. Qxh2 {1-0 Fearnley,S-Bleicher,W/
Sydney op (07) ;EXT 92op 1992}) (6... Be6 7. Bb3 Qd7 8. Ng5 O-O 9. Nc3 Nd4 10.
Ne2 c5 11. f4 $1 Rad8 (11... Bxb3 $142 12. axb3 $14) 12. Nxd4 cxd4 13. Nxe6
fxe6 14. f5 d5 15. fxe6 Qxe6 16. exd5 Nxd5 17. Rxf8+ Rxf8 18. Qg4 Qd6 19. Qe4
$16 {Sahetchian,A-Berg,R/Hastings Masters (07)/1995/}) 7. Bb3 Nxb3 (7... O-O 8.
c3 Nxb3 9. axb3 Re8 10. b4 h6 11. Nbd2 Be6 12. Re1 c6 13. Nf1 a5 14. bxa5 Rxa5
$10 {Franke,H-Armas,J/Berlin Neukoelln/1988/}) 8. axb3 O-O 9. Be3 a6 10. Nbd2
Ne8 11. d4 exd4 12. Nxd4 d5 13. exd5 Qxd5 $10 {Prueske,W-Wittig,W/Dortmund op 
(04)/1987/}) (6. a4 $5 O-O 7. c3 h6 8. Nbd2 Nh7 9. a5 a6 10. d4 exd4 11. Nxd4
Ne5 12. Be2 c5 13. Nc2 d5 $13 {Wolter,K-Szell,L/Berliner Sommer (07)/1993/}) (
6. Be3 O-O 7. Nc3 Na5 8. Bb3 Nxb3 9. axb3 a6 10. h3 Bd7 11. Qd2 c5 $10 {
Armengaud,E-Hagopian/Massy op (09)/1993/}) 6... Na5 (6... O-O 7. Nbd2 Na5 8.
Nf1 $6 Nxc4 9. dxc4 Be6 10. b3 Nd7 11. Ng3 a5 12. a4 {Blanchard-Bouton,C/
Clichy op (08)/1991/} Nc5 $15) 7. Bd5 $6 (7. Bb3 $142) 7... O-O (7... c6 $6 8.
Bxf7+ Kxf7 9. b4 Bg4 10. Bd2 $1 $14) 8. a4 Nxd5 9. exd5 c5 $1 10. c3 b6 $15 (
10... c4 $6 11. Nfd2 $1 Qc7 $8 12. Na3 $1 cxd3 13. Nb5 Qd7 14. b4 $16) 11. h3
f5 $1 12. d4 (12. b4 Nb7 {/\Bf6}) 12... e4 13. Nfd2 c4 $1 14. Na3 Qc7 15. f3 (
15. Nb5 Qd7 16. Qe2 a6 17. Na3 b5 18. axb5 axb5 $15 19. Nxb5 $140 Qxb5 20. b4
Bb7 21. bxa5 Bxd5 $17) (15. Qe2 Bb7 $1 16. g4 (16. Naxc4 $2 Ba6 17. b3 Nxb3 $1
18. Nxb3 Bxc4 $19) 16... Bxd5 17. gxf5 Rxf5 18. Nxe4 Raf8 19. Nb5 Qc6 $1 $40)
15... Bh4 16. Re2 (16. Re3 Bg5 17. Re2 e3 18. Nf1 f4 $19) 16... Bb7 $1 17. fxe4
fxe4 18. Nxe4 (18. Rxe4 Bf2+ 19. Kh2 Bxd5 $19 {^^,/^a8-h1}) 18... Bxd5 $2 (
18... Nb3 $1 19. Nb5 (19. Rb1 Bxd5 20. Bg5 $140 $2 Bxe4 $19) 19... Qd7 20. Rb1
(20. Ra2 Bxd5 21. Bg5 (21. Nbxd6 Qc6 $1 {/\Be7-+}) 21... Bxg5 (21... Bxe4 $17)
22. Nxg5 a6 23. Na3 Qf5 $19) 20... Bxd5 21. Nbxd6 Qc6 $1 22. Qc2 h6 $1 {><g5} (
22... Be7 23. Nb5 a6 24. Na3 Rae8 25. Ng5 $8 g6 $1 (25... Bxg5 26. Bxg5 Be4 27.
Rxe4 Qxe4 28. Qxe4 Rxe4 29. Nxc4 h6 $1 30. Be3 b5 31. axb5 axb5 32. Nd2 Nxd2
33. Bxd2 Re2 34. Be1 Ra8 $15) 26. h4 Bd6 27. Rxe8 Rxe8 28. Qf2 Qc7 (28... Nc5
$5) 29. Be3 Bg3 30. Qe2 Bxh4 31. Nf3 Bg3 $17) 23. g4 {/\Nf5} Bxe4 (23... Rad8
24. Nf5 Rfe8 25. Neg3) 24. Nxe4 Rae8 {(.)} 25. a5 Re6 $1 26. axb6 axb6 27. g5
$8 Kh8 $1 {/\Rfe8-+} 28. gxh6 Rg6+ $19) 19. Bg5 $1 $8 Bxe4 20. Bxh4 d5 21. Qe1
Qc6 22. Qg3 (22. Nc2 Qg6 23. Ne3 Nb3 24. Ra3 Bf3 25. Rf2 Rae8 $19) 22... a6 $6
(22... Qxa4 $142 $17) 23. Nc2 $1 Rae8 24. Nb4 $6 (24. Ne3 $142 Bd3 $15) 24...
Qc8 $1 {/\Re6-g6->} 25. Qd6 $2 (25. Nc2 Re6 26. Ne3 Rg6 27. Qh2 h5 $40) 25...
Re6 $1 26. Nxd5 Rfe8 $3 27. Ne7+ (27. Nxb6 Qb7 28. Qb4 (28. Qd7 Qxb6 29. Rf1
Bg6 30. Rxe6 Qxe6 $19) (28. Rxe4 Qxe4 $19) 28... Qxb6 29. Qxb6 Rxb6 30. d5 Rbb8
(30... Bg6 $2 31. Rxe8+ Bxe8 32. Bd8 Rxb2 33. Bxa5 Rd2 34. Bb4 $10) 31. Rae1
Bg6 32. d6 Rxe2 33. Rxe2 Rb7 $19) 27... R8xe7 28. Bxe7 Rxd6 29. Bxd6 Qc6 30.
Ba3 h6 $1 31. Rf1 (31. Rae1 Bd5 32. Re8+ Kh7 33. Bf8 Qg6 $1 (33... Bxg2 34.
R8e7 Bxh3 35. Rxg7+ Kh8 36. Rg3 $132) 34. R8e2 Qg3 35. Rf1 Nc6 $19) 31... Nb7
32. Rf4 Bd5 $19 {_|_} 33. Rf8+ (33. Rg4 Nd8 {/\Ne6;/\Nf7-+_|_}) 33... Kh7 34.
Re7 Qg6 $1 35. Rf2 Nd6 $1 36. Ra7 (36. Rd7 Ne4 $1 37. Rxd5 Nxf2 38. Kxf2 Qf7+
$19) 36... Ne4 37. Rf4 (37. Re2 Ng3 38. Re5 Qb1+ 39. Kf2 Qf1+ 40. Ke3 Qe1+ 41.
Kf4 Qf2+ 42. Kg4 Be6+ 43. Rxe6 h5+ 44. Kg5 Qf5+ 45. Kh4 Qf4#) 37... Ng3 38. Rf2
Qb1+ 39. Kh2 Nf1+ 40. Kg1 Ne3+ 41. Kh2 Qe1 0-1